[Event "Mayors Cup Open"]
[Site "Mumbai IND"]
[Date "2008.05.18"]
[Round "10"]
[White "Shyam,N"]
[Black "Sahu,Se"]
[Result "1-0"]
[WhiteElo "2310"]
[BlackElo "2256"]

1.e4 g6 2.d4 Bg7 3.Nc3 d6 4.Be3 a6 5.a4 b6 6.Qd2 Nd7 7.f4 Ngf6 8.Be2 Bb7
9.Bf3 e5 10.Nge2 O-O 11.fxe5 dxe5 12.d5 Ne8 13.Bg5 f6 14.Bh4 Nd6 15.g4 Nf7
16.Bf2 Bc8 17.h4 Qe7 18.Be3 Nc5 19.Ng3 Nb7 20.Qh2 Nbd6 21.h5 g5 22.Qe2 Rd8
23.a5 bxa5 24.Rxa5 Nh6 25.O-O Qe8 26.Rfa1 Bf8 27.Nd1 Rb8 28.c4 Rb4 29.Rc1 Ra4
30.Rxa4 Qxa4 31.Nf2 Bd7 32.Qc2 Qxc2 33.Rxc2 Rb8 34.c5 Ba4 35.Rc3 Nb5 36.Rc4 Bb3
37.Rb4 Bc2 38.Be2 Nf7 39.Nf5 Nd8 40.Bc4 Kh8 41.Ba2 a5 42.Rc4 Na3 43.Rc3 Rxb2
44.Rxa3 Bb1 45.Bc4 Nb7 46.d6 c6 47.Ba6 Nd8 48.Rxa5 Ra2 49.Rxa2 Bxa2 50.Bd2 Be6
51.Ba5 Nf7 52.Nd1 Nh6 53.Nxh6 Bxh6 54.Ne3  1-0

[Event "III President's Cup"]
[Site "Baku AZE"]
[Date "2008.05.19"]
[Round "8"]
[White "Guliev,L"]
[Black "Akhmedov,F"]
[Result "1-0"]
[WhiteElo "2434"]
[BlackElo "2235"]

1.e4 g6 2.d4 Bg7 3.Nc3 d6 4.f4 c6 5.a4 Nf6 6.Nf3 O-O 7.Bd3 a5 8.O-O e5 9.dxe5 Ng4
10.Qe1 dxe5 11.h3 Nf6 12.Nxe5 Nbd7 13.Nxd7 Nxd7 14.Be3 Qe7 15.e5 Nc5 16.Bc4 b6
17.Qf2 Rd8 18.Bxc5 Qxc5 19.Qxc5 bxc5 20.Ne4 Rd4 21.Nd6 Be6 22.Bxe6 fxe6 23.c3 Rd5
24.Nc4 Ra7 25.Rfd1 h6 26.Nb6 Rb7 27.Nxd5 cxd5 28.Rd2 c4 29.Kf2 Rf7 30.Ke3 g5
31.g3 Kh7 32.Rb1 h5 33.b4 h4 34.bxa5 hxg3 35.a6 gxf4+ 36.Kf3 Kg6 37.Rb7 Rf8
38.a7 Ra8 39.Re2 Bf8 40.Rb8 Rxa7 41.Rxf8  1-0

[Event "TCh-UKR"]
[Site "Alushta UKR"]
[Date "2008.05.21"]
[Round "1"]
[White "Andreev,Ed UKR"]
[Black "Nosov,M"]
[Result "1-0"]
[WhiteElo "2459"]
[BlackElo "2183"]

1.e4 d6 2.d4 g6 3.Nc3 Bg7 4.Be3 Nc6 5.Qd2 e5 6.Nge2 Nf6 7.f3 O-O 8.d5 Ne7
9.O-O-O Ne8 10.g4 f5 11.gxf5 gxf5 12.Bg5 Nf6 13.h4 Qe8 14.h5 f4 15.h6 Bh8
16.Ng1 Bd7 17.Bh3 Ng6 18.Bxd7 Qxd7 19.Nh3 b5 20.Kb1 a5 21.Rdg1 b4 22.Ne2 Kf7
23.c4 c5 24.dxc6 Qxc6 25.Rc1 Ke6 26.Bxf4 exf4 27.Nd4+  1-0

[Event "11th North American FIDE Inv"]
[Site "Chicago USA"]
[Date "2008.05.23"]
[Round "9"]
[White "Loncarevic,R"]
[Black "Ginsburg,M"]
[Result "0-1"]
[WhiteElo "2095"]
[BlackElo "2365"]

1.e4 g6 2.d4 Bg7 3.Nc3 d6 4.Be2 a6 5.h4 h5 6.Be3 b5 7.a4 b4 8.Na2 a5 9.c3 bxc3
10.Nxc3 Nf6 11.f3 Nc6 12.Bc4 O-O 13.Nge2 Nb4 14.Nf4 c6 15.d5 cxd5 16.Nfxd5 Nfxd5
17.Nxd5 Nxd5 18.Bxd5 Rb8 19.Bd4 Bxd4 20.Qxd4 Rb4 21.Qc3 Qb6 22.b3 Ba6  0-1

[Event "XXVII Open"]
[Site "Zalakarosi HUN"]
[Date "2008.05.23"]
[Round "2"]
[White "Tesik,C"]
[Black "Csala,Im"]
[Result "1-0"]
[WhiteElo "2032"]
[BlackElo "2254"]

1.e4 g6 2.d4 Bg7 3.Nc3 d6 4.f4 a6 5.Nf3 Bg4 6.Be3 Nc6 7.Be2 e5 8.fxe5 dxe5
9.d5 Bxf3 10.dxc6 Bxe2 11.Qxe2 bxc6 12.O-O Qe7 13.Rf2 Bh6 14.Raf1 Bxe3 15.Qxe3 f6
16.Na4 h5 17.Qc3 Rd8 18.Qxc6+ Kf7 19.Nc3 Rd6 20.Qc4+ Kg7 21.Nd5 Qd7 22.Qc5 h4
23.Qe3 Qd8 24.c4 c6 25.c5 Re6 26.Qh3 Kf7 27.Nb4 a5 28.Nc2 Re7 29.b4 Kg7 30.a4 Qb8
31.bxa5 Qa7 32.Qc3 h3 33.gxh3 Rh4 34.Rg2 Rxe4 35.Ne3 Rxe3 36.Qxe3 Kh7 37.h4 Rg7
38.Kh1 Qa6 39.Rfg1 Qc4 40.a6 Qd5 41.Rb1 Ne7 42.Qb3 Qe4 43.a7 Nf5 44.a8=Q Nxh4
45.Qc2  1-0

[Event "LXXII ch-CRC Fase 1"]
[Site "Moravia CRC"]
[Date "2008.05.24"]
[Round "8"]
[White "Cabrera,Ma"]
[Black "Solis,E"]
[Result "1-0"]
[WhiteElo "2047"]
[BlackElo "2120"]

1.e4 g6 2.d4 Bg7 3.Nc3 d6 4.Bc4 e6 5.Be3 c6 6.a4 Ne7 7.Nge2 d5 8.Bb3 Nd7
9.Qd2 h6 10.f3 b6 11.h4 Bb7 12.g4 a6 13.exd5 cxd5 14.O-O-O b5 15.h5 g5 16.f4 f6
17.fxg5 fxg5 18.Rdf1 Qb6 19.Kb1 b4 20.Na2 a5 21.Nac1 Nf6 22.Nd3 Ne4 23.Qd1 Ba6
24.Rf3 Ng8 25.Nc5 Ngf6 26.Rg1 Bxe2 27.Qxe2 O-O 28.Rgf1 Qd6 29.Qg2 Rac8 30.Nd3 Nd7
31.Rxf8+ Rxf8 32.Rxf8+ Kxf8 33.Qf3+ Ke7 34.Nf2 Nxf2 35.Bxf2 Qb6 36.Qd3 Nf8
37.Ka2 Nd7 38.c3 bxc3 39.bxc3 Nf6 40.Bd1 Ne4 41.Be1 Qc7 42.Kb3 Bf8 43.Bc2 Kd8
44.Qf1 Qd6 45.Bxe4 Qa3+ 46.Kc2 dxe4 47.Qf6+ Kd7 48.Qe5 Qa2+ 49.Kd1 Qb1+ 50.Ke2 Qd3+
51.Kf2 Qf3+ 52.Kg1 Bd6 53.Qb5+ Ke7 54.Qb7+ Kf6 55.Qb2 Qxg4+ 56.Qg2 Qxh5 57.Qxe4 Bh2+
58.Kf1 Bf4 59.c4 Qd1 60.d5 e5 61.Qh7 Qf3+ 62.Bf2 h5 63.Qh6+ Kf5 64.Qe6+ Ke4
65.Qg6+  1-0

[Event "Doroshkevich mem"]
[Site "Maykop RUS"]
[Date "2008.05.25"]
[Round "2"]
[White "Zhukov,Vi"]
[Black "Weetik,V"]
[Result "0-1"]
[WhiteElo "2242"]
[BlackElo "2407"]

1.e4 d6 2.d4 g6 3.Nc3 Bg7 4.Nf3 c6 5.Be2 Qc7 6.O-O Nd7 7.Be3 Ngf6 8.h3 b5
9.a3 O-O 10.Qd2 Re8 11.Bh6 Bh8 12.Rfe1 Bb7 13.Bf1 e5 14.d5 cxd5 15.exd5 a6
16.Be3 Nb6 17.Bxb6 Qxb6 18.Rad1 Bg7 19.Qe3 Qc7 20.g3 Rac8 21.Bg2 h6 22.Nd2 Nd7
23.g4 f5 24.gxf5 gxf5 25.Qf3 Rf8 26.Qh5 Rce8 27.Re3 Kh8 28.Rg3 Bc8 29.Kh1 Nf6
30.Qh4 Qe7  0-1

[Event "Doroshkevich mem"]
[Site "Maykop RUS"]
[Date "2008.05.26"]
[Round "3"]
[White "Skorchenko,D"]
[Black "Khagurov,N"]
[Result "1-0"]
[WhiteElo "2502"]
[BlackElo "2201"]

1.e4 g6 2.d4 Bg7 3.Nc3 d6 4.f4 Nd7 5.Nf3 e5 6.dxe5 dxe5 7.Bc4 Qe7 8.Qe2 c6
9.f5 Ngf6 10.Ng5 O-O 11.g4 b5 12.Bd3 h6 13.Nh3 a6 14.a4 Bb7 15.Nf2 gxf5 16.gxf5 Kh7
17.Bd2 Nc5 18.Rg1 Nxd3+ 19.cxd3 Rg8 20.Qe3 Bf8 21.Rxg8 Kxg8 22.Ke2 Kh7 23.Rg1 b4
24.Ncd1 Rd8 25.Qg3 Qd6 26.Ne3 c5 27.Nc4 Qe7 28.Nxe5 a5 29.Neg4 Bg7 30.Nxh6 Nh5
31.Qh3 Bxh6 32.Qxh5 Rd6 33.Nh3 Rf6 34.Bxh6  1-0

[Event "TCh-ISR"]
[Site "Israel ISR"]
[Date "2008.05.30"]
[Round "11"]
[White "Gershkowich,D"]
[Black "Chernomordik,P"]
[Result "1/2-1/2"]
[WhiteElo "2323"]
[BlackElo "2279"]

1.e4 g6 2.d4 Bg7 3.Nc3 d6 4.f3 a6 5.Be3 b5 6.Qd2 Nd7 7.O-O-O Bb7 8.h4 h5
9.Nh3 c6 10.Ng5 e6 11.d5 exd5 12.exd5 c5 13.Bf4 Ne5 14.Nce4 Ne7 15.Qe1 O-O
16.Nxc5 Bxd5 17.Nce4 Rc8 18.Kb1 Qc7 19.Qd2 b4 20.b3 a5 21.Rc1 Rfd8 22.c4 Ba8
23.Qf2 a4 24.Be3 Rb8 25.Bd4 axb3 26.axb3 N7c6 27.Bb2 Na5 28.Qe3 Re8 29.Rd1 Red8  1/2-1/2

[Event "Doroshkevich mem"]
[Site "Maykop RUS"]
[Date "2008.05.30"]
[Round "7"]
[White "Kruchev,B"]
[Black "Khagurov,N"]
[Result "1/2-1/2"]
[WhiteElo "2263"]
[BlackElo "2201"]

1.e4 g6 2.d4 Bg7 3.Nc3 d6 4.f4 Nd7 5.Nf3 e5 6.dxe5 dxe5 7.Bc4 Qe7 8.Qe2 c6
9.f5 Nb6 10.Bd3 Nf6 11.Bg5 h6 12.Bh4 g5 13.Bf2 Bd7 14.Nd2 c5 15.Nb3 Rc8 16.Bb5 c4
17.Bxd7+ Nfxd7 18.Nd2 Qb4 19.Rb1 Bf8 20.a3 Qa5 21.O-O Bc5 22.Bxc5 Qxc5+ 23.Rf2 Nf6
24.Kh1 h5 25.Nf3 g4 26.Nh4 Rd8 27.Rff1 Ke7 28.Rbd1 Rxd1 29.Rxd1 Rd8 30.Rxd8 Kxd8
31.g3 Qd4 32.Ng2 Nc8 33.Qe3 Qxe3 34.Nxe3 Nd6 35.a4 a6 36.Kg2 Kd7 37.h3 Kc6
38.hxg4 hxg4 39.Ncd5 Nfxe4 40.Ne7+ Kd7 41.N7d5 Kc6 42.Ne7+ Kd7 43.N7d5 Kc6  1/2-1/2

[Event "XXVII Open"]
[Site "Zalakarosi HUN"]
[Date "2008.05.30"]
[Round "9"]
[White "Schmid,Sie"]
[Black "Vlasic,N"]
[Result "1/2-1/2"]
[WhiteElo "2157"]
[BlackElo "2260"]

1.e4 g6 2.d4 d6 3.Nc3 Bg7 4.Be3 Nd7 5.f3 a6 6.Bc4 b5 7.Bd5 Rb8 8.Nh3 e6 9.Bc6 Ne7
10.Bxd7+ Bxd7 11.Qd2 Nc6 12.Ne2 O-O 13.Nf2 e5 14.d5 Ne7 15.g4 f6  1/2-1/2

[Event "XVI Lasker Mem Open A"]
[Site "Barlinek POL"]
[Date "2008.05.31"]
[Round "1"]
[White "Mazurkiewicz,M"]
[Black "Danielsen,Hen"]
[Result "0-1"]
[WhiteElo "2239"]
[BlackElo "2510"]

1.e4 g6 2.d4 Bg7 3.Nc3 d6 4.g3 Nd7 5.Bg2 c5 6.Nge2 Rb8 7.a4 b6 8.O-O Ngf6
9.f4 O-O 10.h3 a6 11.Be3 cxd4 12.Nxd4 Bb7 13.Qe2 e6 14.Nb3 Qe7 15.Qf2 Rfc8
16.a5 b5 17.Ba7 Ra8 18.Rae1 Ne8 19.Bd4 Bxd4 20.Nxd4 Rc4 21.f5 Rxc3 22.bxc3 e5
23.Nb3 Rc8 24.Re3 Nef6 25.Qd2 Rc4 26.fxg6 fxg6 27.Rfe1 Kg7 28.Qe2 Rc8 29.g4 Nf8
30.Qd2 Ne6 31.Rd1 Ne8 32.Nc1 Qc7 33.Nb3 Nf4 34.Rf1 Qe7 35.Qf2 Nc7 36.h4 Nce6
37.g5 Rf8 38.Qg3 Qc7 39.Bh3 Nxh3+ 40.Qxh3 Nf4 41.Qg4 Bc8 42.Qd1 Be6 43.Kh2 Qe7
44.Qf3 Rh8 45.Qg3 h6 46.Kg1 Nh3+ 47.Kg2 hxg5 48.hxg5 Rh5 49.Rh1 Nf4+  0-1

[Event "Doroshkevich mem"]
[Site "Maykop RUS"]
[Date "2008.05.31"]
[Round "8"]
[White "Dashko,A"]
[Black "Khagurov,N"]
[Result "1-0"]
[WhiteElo "2357"]
[BlackElo "2201"]

1.e4 g6 2.d4 Bg7 3.Nc3 d6 4.Be3 Nd7 5.Qd2 c6 6.O-O-O b5 7.Bd3 a6 8.Kb1 Bb7
9.f3 Qc7 10.Nge2 Nb6 11.Nf4 b4 12.Nce2 c5 13.dxc5 dxc5 14.c4 e6 15.Nh3 Na4
16.Bf4 e5 17.Be3 O-O-O 18.Nc1 h6 19.Qf2 Bf8 20.Bc2 Rxd1 21.Rxd1 Nb6 22.Nb3 Na4
23.Qh4 Bc6 24.Ng5 Be8 25.Nxf7 Qxf7 26.Qd8+ Kb7 27.Na5+ Ka7 28.Bxa4 Bxa4 29.b3 Be8
30.Rd6 Bxd6 31.Qxd6 Nf6 32.Bxc5+  1-0

[Event "Doroshkevich mem"]
[Site "Maykop RUS"]
[Date "2008.06.01"]
[Round "9"]
[White "Gochelashvili,D"]
[Black "Tseshkovsky,V"]
[Result "0-1"]
[WhiteElo "2442"]
[BlackElo "2504"]

1.d4 g6 2.e4 Bg7 3.Nc3 d6 4.Nf3 Nf6 5.Be2 O-O 6.O-O c6 7.a4 a5 8.h3 Na6 9.Be3 Nb4
10.Nd2 Ne8 11.Nc4 f5 12.d5 Ra6 13.Na3 f4 14.Bxa6 bxa6 15.Bd4 e5 16.dxe6 f3
17.Bxg7 Nxg7 18.Qd2 fxg2 19.Kxg2 Nxe6 20.f4 Qh4 21.Ne2 Ng5 22.Qe3 Bxh3+ 23.Kg1 Bxf1
24.Rxf1 Qg4+ 25.Kh2 d5 26.e5 c5 27.c3 Nc6 28.Nc2 Ne7 29.Qf2 Ne4 30.Qf3 Qxf3
31.Rxf3 Rb8 32.b4 axb4 33.cxb4 Nc6 34.Rd3 Nxb4 35.Nxb4 cxb4 36.Nd4 Nc5 37.Rd1 b3
38.Nc6 Rb7 39.e6 Nxe6  0-1

[Event "XXX Nezhmetdinov Mem"]
[Site "Kazan RUS"]
[Date "2008.06.02"]
[Round "2"]
[White "Kudriashova,I"]
[Black "Isajevsky,A"]
[Result "1/2-1/2"]
[WhiteElo "2197"]
[BlackElo "2440"]

1.e4 g6 2.d4 Bg7 3.Nc3 d6 4.Be3 a6 5.Qd2 b5 6.Bd3 Bb7 7.f3 Nd7 8.Nce2 c6
9.Nh3 e5 10.c3 Ngf6 11.O-O O-O 12.Bh6 Re8 13.Bxg7 Kxg7 14.Nf2 Qb6 15.Kh1 d5
16.exd5 cxd5 17.dxe5 Nxe5 18.Nd4 Nc4 19.Bxc4 dxc4 20.Qg5 Rad8 21.Ng4 Nxg4
22.Qxg4 Bc8 23.Qg3 Qd6  1/2-1/2

[Event "ch-FIN"]
[Site "Mantta FIN"]
[Date "2008.06.03"]
[Round "2"]
[White "Hartikainen,M"]
[Black "Lehtinen,H"]
[Result "1/2-1/2"]
[WhiteElo "2334"]
[BlackElo "2368"]

1.e4 g6 2.d4 Bg7 3.Nc3 d6 4.Be3 c6 5.Qd2 b5 6.Bd3 Nd7 7.Nf3 Qc7 8.O-O Ngf6
9.h3 O-O 10.Bh6 Rb8 11.Rfe1 e5 12.Bxg7 Kxg7 13.Ne2 c5 14.c3 d5 15.Ng3 dxe4
16.Bxe4 exd4 17.cxd4 h6 18.Rad1 Nb6 19.dxc5 Qxc5 20.Rc1 Nc4 21.Qc3 Qb6 22.b3 Nd6
23.Qb2 Nxe4 24.Nxe4 Bb7 25.Ne5 Bxe4 26.Rxe4 Rbc8 27.Rxc8 Rxc8 28.Rf4 Qc7
29.Qd4 Qc3 30.a4 Qxd4  1/2-1/2

[Event "XXX Nezhmetdinov Mem"]
[Site "Kazan RUS"]
[Date "2008.06.04"]
[Round "4"]
[White "Filipenko,A"]
[Black "Ioffe,D"]
[Result "1-0"]
[WhiteElo "2341"]
[BlackElo "2174"]

1.e4 g6 2.d4 Bg7 3.Nc3 d6 4.Bg5 c6 5.Qd2 Qa5 6.f4 Nd7 7.Nf3 h6 8.Bh4 Nb6
9.a3 Be6 10.b4 Qh5 11.h3 f5 12.Bf2 Nf6 13.Be2 Bc4 14.Bd1 g5 15.Nh4 Qf7 16.Nxf5 O-O-O
17.Nxg7 Qxg7 18.f5 e6 19.fxe6 Rhe8 20.Bf3 Bxe6 21.O-O h5 22.Be2 g4 23.h4 g3
24.Be3 Nc4 25.Bh6 Nxd2 26.Bxg7 Ndxe4 27.Nxe4 Nxe4 28.Bxh5 Rg8 29.Bf7 Bxf7
30.Rxf7 Rd7 31.Rxd7 Kxd7 32.Bh6 Ke6 33.Rf1 Kd5 34.Rf7 Kxd4 35.Bg7+ Kd5 36.h5 Re8
37.h6 Kc4 38.Rf3 Nd2 39.Rxg3 Re1+ 40.Kf2 Rh1 41.Rh3 Ne4+ 42.Ke3 Rxh3+ 43.gxh3 Ng5
44.h4 Nh7 45.Ke4  1-0

[Event "XXX Nezhmetdinov Mem"]
[Site "Kazan RUS"]
[Date "2008.06.06"]
[Round "6"]
[White "Fedotov,I"]
[Black "Ioffe,D"]
[Result "0-1"]
[WhiteElo "1976"]
[BlackElo "2174"]

1.e4 g6 2.d4 Bg7 3.Nc3 d6 4.f4 a6 5.a4 Nc6 6.d5 Nb4 7.Nf3 Nf6 8.Bc4 O-O 9.O-O c6
10.dxc6 bxc6 11.e5 Ng4 12.Qe2 dxe5 13.fxe5 Bf5 14.Bb3 Nxe5 15.Be3 Nxf3+ 16.gxf3 Nd5
17.Nxd5 cxd5 18.Bc5 Rc8 19.Qxe7 Bd4+  0-1

[Event "XXX Nezhmetdinov Mem"]
[Site "Kazan RUS"]
[Date "2008.06.06"]
[Round "6"]
[White "Demanov,N"]
[Black "Pushkin,E"]
[Result "0-1"]
[WhiteElo "2038"]
[BlackElo "2216"]

1.e4 g6 2.d4 d6 3.Nc3 Bg7 4.Be3 c6 5.h4 h5 6.a4 a5 7.Bc4 Nf6 8.f3 d5 9.Bd3 dxe4
10.Nxe4 Nd5 11.Bf2 Qb6 12.c3 Nf4 13.Ne2 Nxd3+ 14.Qxd3 Qd8 15.O-O Nd7 16.Nf4 Nf6
17.Qc4 Nd5 18.Nd3 O-O 19.Ne5 Nb6 20.Qe2 Nd7 21.Rad1 Qc7 22.Nxd7 Bxd7 23.Bg3 Qd8
24.Rfe1 Re8 25.Nc5 Qc8 26.Nd3 Be6 27.Ne5 Bf5 28.Qc4 Qe6 29.Qc5 Qd5 30.Qb6 Bc2
31.c4 Qd8 32.Qxb7 Bxd1 33.Nxc6 Qc8 34.Qb5 Bc2 35.d5 Qd7 36.Qc5 Bf6 37.Qe3 Bxa4
38.Ne5 Qb7 39.Qh6 Bg7 40.Qf4 Rf8 41.Nd3 Bc2 42.Nc5 Qxb2 43.Bf2 a4 44.Rxe7 a3
45.Nd7 a2 46.Nxf8 Rxf8 47.d6 a1=Q+ 48.Be1  0-1

[Event "TCh-BIH w"]
[Site "Neum BIH"]
[Date "2008.06.06"]
[Round "3"]
[White "Sulc,G"]
[Black "Dragovic,N"]
[Result "0-1"]
[WhiteElo "2003"]
[BlackElo "2010"]

1.e4 d6 2.d4 g6 3.Nc3 Bg7 4.Be2 c6 5.a4 Qc7 6.Ra3 e5 7.Be3 Nf6 8.h3 O-O 9.Nf3 Re8
10.dxe5 dxe5 11.O-O Bf8 12.Ra1 Bb4 13.Na2 Bf8 14.Nd2 Be6 15.Nc3 Nbd7 16.Qc1 Bb4
17.Kh1 Nc5 18.Bf3 Rad8 19.Ndb1 Rd7 20.Bg5 Qd8 21.Na2 Bxa2 22.Rxa2 Na6 23.c3 Be7
24.b4 Nc7 25.Be3 a6 26.Bb6 Qc8 27.Nd2 Na8 28.Nc4 Bd8 29.Bc5 Rd3 30.Be3 Qe6
31.Rd2 Rxd2 32.Nxd2 Bb6 33.Bg5 Bd8 34.Be2 b5 35.Qc2 Nb6 36.a5 Nbd7 37.c4 Nf8
38.Rc1 Qd6 39.cxb5 cxb5 40.Qc5 Re6 41.Qc8 h5 42.f3 Be7 43.Qc3 Qxb4 44.Qxb4 Bxb4
45.Nb3 Kg7 46.Rc8 N8d7 47.Kg1 Rd6 48.Kf2 Nf8 49.Be3 Ne6 50.g3 Nd7 51.f4 f6
52.f5 Nd4 53.Nxd4 exd4 54.Bf4 Ne5 55.Rc7+ Kf8 56.fxg6 Rd8  0-1

[Event "FSIM June"]
[Site "Budapest HUN"]
[Date "2008.06.07"]
[Round "1"]
[White "Rabeyrin,J"]
[Black "Parkanyi,A"]
[Result "0-1"]
[WhiteElo "2303"]
[BlackElo "2392"]

1.e4 g6 2.d4 Bg7 3.Nc3 d6 4.Be3 a6 5.Qd2 b5 6.f3 Nd7 7.g4 Bb7 8.O-O-O Nb6
9.Qe1 Nf6 10.Kb1 c6 11.h4 h5 12.gxh5 Nxh5 13.Nh3 Bc8 14.Ne2 Nc4 15.Bc1 Qa5
16.c3 Rb8 17.Nef4 Nxf4 18.Nxf4 e5 19.Bxc4 bxc4 20.dxe5 dxe5 21.Ne2 Qb6 22.Ng3 Bh6
23.Qe2 Bf4 24.Nf1 Be6 25.Ne3 a5 26.Ng4 a4 27.a3 Ke7 28.Bxf4 exf4 29.Rd2 Rbd8
30.Ne5 Qc5 31.Ng4 Rxd2 32.Qxd2 Qd6 33.Qf2 Qd3+ 34.Ka2 Bxg4 35.fxg4 Qe3 36.Qxe3 fxe3
37.h5 gxh5 38.gxh5 Kf6 39.Re1 Rxh5 40.Rxe3 Ke5 41.Rf3 f6 42.Kb1 Rh6 43.Rf5+ Kxe4
44.Ra5 f5 45.Rxa4 Kd3 46.Ra8 Rf6 47.Kc1 Ke2 48.Ra4 f4 49.Rxc4 f3 50.Re4+ Kd3
51.Rd4+ Ke3 52.Rd1 f2 53.b4 f1=Q 54.Rxf1 Rxf1+ 55.Kc2 Ke4  0-1

[Event "ch-Panamerican U20"]
[Site "Cali COL"]
[Date "2008.06.12"]
[Round "5"]
[White "Cori,J"]
[Black "Cordova,Em"]
[Result "1-0"]
[WhiteElo "2377"]
[BlackElo "2518"]

1.e4 d6 2.d4 g6 3.Nc3 Bg7 4.Be3 c6 5.Qd2 b5 6.f3 a6 7.Nge2 Nd7 8.g4 Nb6 9.Ng3 Nc4
10.Bxc4 bxc4 11.h4 h6 12.Kf2 Rb8 13.b3 cxb3 14.cxb3 e6 15.Na4 Ne7 16.Rac1 a5
17.Kg2 Rb4 18.Nb2 Bb7 19.Nd3 Rxd4 20.Bxd4 Bxd4 21.Nb2 c5 22.Ne2 Nc6 23.Nc4 d5
24.exd5 Qxd5 25.Nc3 Qd8 26.Ne4 Ke7 27.Qf4 f6 28.Ncd6 Qb8 29.Rxc5 Rd8 30.Rb5  1-0

[Event "58th ch-RUS w HL"]
[Site "Chelyabinsk RUS"]
[Date "2008.06.12"]
[Round "9"]
[White "Akatova,E"]
[Black "Charochkina,D"]
[Result "1-0"]
[WhiteElo "2320"]
[BlackElo "2361"]

1.e4 g6 2.d4 Bg7 3.Nc3 d6 4.Be3 a6 5.Qd2 b5 6.f3 Nd7 7.g4 Bb7 8.Nh3 b4 9.Ne2 a5
10.Rd1 e6 11.Nhf4 Ne7 12.Nd3 h5 13.gxh5 Rxh5 14.Ng3 Rh8 15.h4 Nc6 16.c3 Nb6
17.Nf2 Qf6 18.Be2 Qe7 19.h5 Bf6 20.Ng4 Bh4 21.Rxh4 Qxh4 22.Kf2 Rxh5 23.Rh1 Qxh1
24.Nxh1 Rxh1 25.Kg2 Ra1 26.d5 exd5 27.Nf6+ Ke7 28.Bxb6 Kxf6 29.Bxc7 dxe4
30.Qf4+ Kg7 31.Bxd6 Re8 32.Bc4 f5 33.Bc5 exf3+ 34.Kf2 Rae1 35.Qc7+ R8e7 36.Bxe7 Rxe7
37.Qd6 bxc3 38.bxc3 Kh6 39.Bd5 Re2+ 40.Kxf3 Rc2 41.Kf4 Rf2+ 42.Ke3 Rc2 43.Kd3 Rf2
44.Ke3 Rc2 45.Kf4 Rf2+ 46.Kg3 Rc2 47.Kh4 Ne7 48.Bxb7 Re2 49.Bf3 Rf2 50.Kg3 Nc8
51.Qf8+  1-0

[Event "IM"]
[Site "Danang VIE"]
[Date "2008.06.13"]
[Round "4"]
[White "Nguyen Van Huy"]
[Black "Hoang Canh Huan"]
[Result "1/2-1/2"]
[WhiteElo "2369"]
[BlackElo "2337"]

1.e4 g6 2.d4 Bg7 3.Nc3 d6 4.Be3 Nd7 5.Qd2 a6 6.f4 b5 7.Nf3 Ngf6 8.Bd3 Bb7
9.e5 b4 10.Nd1 Nd5 11.Ng5 e6 12.h4 h6 13.Ne4 Qe7 14.a3 a5 15.Bf2 f5 16.exf6 N7xf6
17.h5 O-O 18.Bh4 e5 19.Bxf6 Nxf6 20.Nxf6+ Bxf6 21.O-O exf4 22.Bxg6 f3 23.gxf3 Bg5
24.Qg2 Qf6 25.c3 Bxf3 26.Rxf3 Qxf3 27.Qxf3 Rxf3 28.Be4 Raf8 29.Bxf3 Rxf3
30.axb4 axb4 31.Ra8+ Kf7 32.Rc8 Rd3 33.Rxc7+ Ke6 34.Nf2 Be3 35.Kf1 Rd2 36.Ng4 Bg5
37.cxb4 Rxd4 38.Nf2 Rxb4 39.Nd3 Rh4 40.b4 Rxh5 41.Kg2 Rh4 42.b5 Bd8 43.Rh7 Kd5
44.Kf3 Rh3+ 45.Ke2 Bg5 46.Nf2 Rb3 47.Ng4 Rxb5 48.Nf2 Rb2+ 49.Kf3 Rb3+ 50.Kg4 Rb4+
51.Kf3 Kd4 52.Ng4 Rb3+ 53.Ke2 Rh3 54.Ra7 d5 55.Ra4+ Kc5 56.Kd1 d4 57.Nf2 Re3
58.Ra5+ Kb4 59.Rd5 Kc4 60.Rd7 Ra3 61.Rc7+ Kd5 62.Rd7+ Ke5 63.Ke2 Re3+ 64.Kd1 h5
65.Rh7 h4 66.Ng4+ Kf4 67.Nxe3 Kxe3 68.Ke1 d3 69.Rd7 Bf6  1/2-1/2

[Event "III GM"]
[Site "Mysliborz POL"]
[Date "2008.06.13"]
[Round "6"]
[White "Zezulkin,J"]
[Black "Danielsen,Hen"]
[Result "1/2-1/2"]
[WhiteElo "2443"]
[BlackElo "2510"]

1.e4 d6 2.d4 g6 3.Nc3 Bg7 4.Bc4 e6 5.Be3 a6 6.a4 b6 7.Qd2 h6 8.Nge2 Ne7 9.h4 Nbc6
10.h5 g5 11.f4 gxf4 12.Nxf4 e5 13.Nfe2 exd4 14.Nxd4 Ne5 15.Ba2 c5 16.Nf3 Be6
17.Bxe6 fxe6 18.Nxe5 Bxe5 19.Bxh6 Nc6 20.O-O-O Qd7 21.Bf4 O-O-O 22.Bxe5 Nxe5
23.g4 b5 24.Qe2 c4 25.Na2 Rhg8 26.Rhg1 Rg5 27.Qe3 Rxg4 28.Rxg4 Nxg4 29.Qb6 Qb7
30.Rxd6 Rxd6 31.Qxd6 Qxe4 32.Qxa6+ Kc7 33.Qa5+ Kc8 34.Qa6+ Kc7 35.Qa7+ Kd6
36.Nc3 Qh1+ 37.Nd1 Qxh5 38.Qd4+ Kc6 39.a5 Kb7 40.Qb6+ Ka8 41.Qc6+ Kb8 42.Qb6+ Ka8
43.Qc6+ Kb8 44.Nc3 b4 45.Qb6+ Ka8 46.Qc6+ Kb8 47.a6 Qf7 48.Qb6+ Ka8 49.Qc6+ Kb8
50.Qb6+ Ka8 51.Qxb4 Ne3 52.Kb1 Qf1+ 53.Ka2 Qa1+ 54.Kxa1 Nxc2+ 55.Kb1 Nxb4
56.b3  1/2-1/2

[Event "8th TCh-Euro U18"]
[Site "Szeged HUN"]
[Date "2008.06.15"]
[Round "2"]
[White "Ivekovic,Z"]
[Black "Piorun,K"]
[Result "0-1"]
[WhiteElo "2139"]
[BlackElo "2397"]

1.e4 g6 2.d4 Bg7 3.Nc3 d6 4.f4 Nf6 5.Nf3 O-O 6.Be3 b6 7.Qd2 Bb7 8.Bd3 c5
9.O-O-O cxd4 10.Bxd4 Nc6 11.Bxf6 Bxf6 12.Nd5 Bg7 13.h4 e6 14.Ne3 Qf6 15.c3 Qxf4
16.Rdf1 Ne5 17.Nxe5 Qxe5 18.Ng4 Qg3 19.Rf4 e5 20.Nf6+ Bxf6 21.Rxf6 d5 22.h5 dxe4
23.hxg6 e3 24.Qd1 e2 25.Qd2 Qxg2 26.Re1 fxg6 27.Rxe2 Qd5 28.Rd6 Qxd6 29.Bc4+ Bd5
30.Bxd5+ Kg7 31.Rh2 h5 32.Bxa8 Qxd2+  0-1

[Event "8th TCh-Euro U18"]
[Site "Szeged HUN"]
[Date "2008.06.21"]
[Round "7"]
[White "Mazur,S"]
[Black "Piorun,K"]
[Result "1/2-1/2"]
[WhiteElo "2180"]
[BlackElo "2397"]

1.e4 g6 2.d4 Bg7 3.Nc3 d6 4.Be3 a6 5.f4 Nd7 6.Nf3 e6 7.Bd3 Ne7 8.Qd2 b5 9.O-O O-O
10.f5 exf5 11.exf5 Nf6 12.Bg5 Bb7 13.Qf4 b4 14.Ne4 Bxe4 15.Bxf6 Bxf6 16.Bxe4 d5
17.Bd3 Nc6 18.Rae1 Qd6 19.Qxd6 cxd6 20.c3 Rfc8 21.g4 g5 22.Kf2 bxc3 23.bxc3 Na5  1/2-1/2

[Event "Open"]
[Site "Teplice CZE"]
[Date "2008.06.21"]
[Round "8"]
[White "Korschner,M"]
[Black "Cedikova,K"]
[Result "1-0"]
[WhiteElo "2084"]
[BlackElo "2171"]

1.e4 g6 2.d4 Bg7 3.Nc3 d6 4.Be3 Nd7 5.Qd2 a6 6.Nf3 e6 7.h4 h5 8.Bc4 Ne7 9.Ng5 Nb6
10.Bd3 d5 11.f3 dxe4 12.fxe4 O-O 13.Be2 e5 14.d5 Qd6 15.a4 Qb4 16.a5 Nd7
17.Ra4 Qd6 18.b4 b6 19.axb6 Nxb6 20.Bc5 Qd8 21.Ra5 Nd7 22.d6 Nc6 23.dxc7 Qxc7
24.Bxf8 Bxf8 25.Nd5 Qb7 26.O-O Nxa5 27.bxa5 Nc5 28.Rxf7 Qb1+ 29.Kh2 Nxe4
30.Nf6+ Nxf6 31.Rxf6 Bb7 32.Rxg6+ Kh8 33.Qd7  1-0

[Event "Marshall NY Int"]
[Site "New York USA"]
[Date "2008.06.22"]
[Round "3"]
[White "Vovsha,E"]
[Black "Burnett,R"]
[Result "0-1"]
[WhiteElo "2452"]
[BlackElo "2373"]

1.e4 g6 2.d4 d6 3.Nc3 Bg7 4.Be3 c6 5.Qd2 b5 6.f3 Nd7 7.g4 h6 8.Nce2 Ngf6
9.Ng3 Nb6 10.b3 Bd7 11.h4 h5 12.g5 Nh7 13.f4 d5 14.f5 dxe4 15.fxg6 fxg6 16.Bg2 Bf5
17.N1e2 O-O 18.O-O Nd5 19.c4 bxc4 20.bxc4 Nb6 21.Qc2 Qd7 22.Rad1 Be6 23.d5 cxd5
24.cxd5 Rxf1+ 25.Nxf1 Bg4 26.Bxe4 Rc8 27.Qd3 Nc4 28.Rc1 Ne5 29.Rxc8+ Qxc8
30.Qd2 Bf3 31.Bc2 Nc4 32.Qd3 Qg4+ 33.Kf2 Qxh4+ 34.Neg3 Ne5 35.Qb3 Kh8 36.Bxg6 Nxg6
37.Kxf3 Qg4+ 38.Kf2 Ne5 39.Nd2 h4 40.Nge4 h3 41.Ng3 h2 42.Qb8+ Nf8 43.Qb1 Nfg6
44.Kg2 Nh4+ 45.Kxh2 Nef3+ 46.Nxf3 Nxf3+ 47.Kg2 Nh4+ 48.Kh2 Be5 49.Bf2 Qe2
50.Kg1 Bxg3 51.Bd4+ Kg8  0-1

[Event "White Nights Open"]
[Site "St Petersburg RUS"]
[Date "2008.06.22"]
[Round "2"]
[White "Maevsky,N"]
[Black "Solovjov,S"]
[Result "0-1"]
[WhiteElo "2143"]
[BlackElo "2440"]

1.e4 g6 2.d4 Bg7 3.Nc3 d6 4.Nf3 Nf6 5.Be2 O-O 6.O-O Nc6 7.d5 Ne5 8.Nxe5 dxe5
9.Be3 Ne8 10.Qd2 Nd6 11.f3 f5 12.Bd3 e6 13.dxe6 Bxe6 14.Rfd1 Qe7 15.b3 Qf7
16.Na4 b6 17.Qe2 Ne8 18.Bb5 Nf6 19.Bc6 Rad8 20.Rxd8 Rxd8 21.Rd1 Rxd1+ 22.Qxd1 fxe4
23.Qd8+ Bf8 24.Bxe4 Nxe4 25.fxe4 Qd7 26.Qxd7 Bxd7 27.Nc3 c6 28.Kf2 Bb4 29.Ne2 Kf7
30.h3 h5 31.Ng1 Ke7 32.Nf3 Bd6 33.Ke2 Bc7 34.Kd3 a5 35.Bg5+ Kf7 36.Bh4 b5
37.Bg3 Ke6 38.Ng5+ Kf6 39.Bh4 Bc8 40.Nf3+ Ke6 41.Ng5+ Kf6 42.Nf3+ Kf7 43.Bg3 Kf6
44.Bh4+ Ke6 45.Ng5+ Kd7 46.Nf7 b4 47.Nh8 Bb6 48.Nxg6 Ba6+ 49.Kd2 Bd4 50.Nf8+ Kd6
51.g4 hxg4 52.hxg4 Bf1 53.Bf6 Bg2 54.g5 Bxe4 55.g6 Bd5 56.g7 Bg8 57.Kd3 c5
58.Ke4 c4 59.Bd8 cxb3 60.cxb3 a4 61.Ba5 Bc3 62.bxa4 Bxa2 63.Ng6 Bd5+ 64.Kd3 e4+
65.Ke3 Kc5 66.Ne7 Bd4+ 67.Kf4 Bf7 68.Nf5 b3 69.Nxd4 Kxd4 70.Bb6+ Kd3 71.Ke5 b2
72.Kf6 Bg8  0-1

[Event "White Nights Open"]
[Site "St Petersburg RUS"]
[Date "2008.06.22"]
[Round "2"]
[White "Orlov,Va"]
[Black "Kazakevich,G"]
[Result "1-0"]
[WhiteElo "2465"]
[BlackElo "2155"]

1.e4 g6 2.d4 Bg7 3.Nc3 d6 4.g3 Nd7 5.Bg2 Ngf6 6.Nge2 O-O 7.O-O e5 8.h3 c6
9.a4 a5 10.Be3 Qe7 11.Re1 Re8 12.Qd2 Ra6 13.f4 exd4 14.Nxd4 Nf8 15.Rad1 N6d7
16.Nb3 Nc5 17.Nxc5 dxc5 18.e5 Ne6 19.Ne4 Rd8 20.Qf2 b6 21.Nd6 Qc7 22.Qf3 Bd7
23.f5 Bxe5 24.Nxf7 Kxf7 25.fxe6+ Kxe6 26.Bg5  1-0